| 000 | 01054cam a22002891a 4500 | ||
|---|---|---|---|
| 001 | 8880823 | ||
| 003 | OSt | ||
| 005 | 20110721114622.0 | ||
| 008 | 751119s1958 nyua b 001 0 eng | ||
| 010 | _a 58014046 | ||
| 035 | _a(OCoLC)1843577 | ||
| 040 |
_aDLC _cTxU _dOCoLC _dMoSU-L _dDLC |
||
| 050 | 0 | 0 |
_aHV8074 _b.H32 1958a |
| 082 | 0 | 0 | _a363.2565 HAR |
| 100 | 1 |
_aHarrison, Wilson R. _91948 |
|
| 245 | 1 | 0 |
_aSuspect documents : _btheir scientific examination / _cby Wilson R. Harrison. |
| 260 |
_aNew York : _bPraeger, _c1958. |
||
| 300 |
_a583 p. : _bill. ; _c27 cm. |
||
| 504 | _aIncludes bibliographies and index. | ||
| 650 | 0 |
_aForgery. _91949 |
|
| 650 | 0 |
_aLegal documents. _91950 |
|
| 650 | 0 |
_aGraphology. _91951 |
|
| 906 |
_a7 _bcbc _coclcrpl _du _encip _f19 _gy-gencatlg |
||
| 942 |
_2ddc _cBK |
||
| 999 |
_c718 _d718 |
||